Professional indemnity insurers have cause for concern (Record no. 71844)
[ view plain ]
| 000 -LEADER | |
|---|---|
| fixed length control field | 01320cam a2200229 4500 |
| 001 - CONTROL NUMBER | |
| control field | ABS66241 |
| 008 - FIXED-LENGTH DATA ELEMENTS--GENERAL INFORMATION | |
| fixed length control field | 021223n2002 000 0 eng u |
| 035 ## - SYSTEM CONTROL NUMBER | |
| System control number | (Sirsi) u120871 |
| 100 ## - MAIN ENTRY--PERSONAL NAME | |
| Personal name | Knowles, R |
| 245 ## - TITLE STATEMENT | |
| Title | Professional indemnity insurers have cause for concern |
| 260 ## - PUBLICATION, DISTRIBUTION, ETC. | |
| Date of publication, distribution, etc. | 2002 |
| 490 ## - SERIES STATEMENT | |
| Series statement | Civil Engineering Surveyor |
| Volume/sequential designation | October 2002, 20-21(2) |
| 520 ## - SUMMARY, ETC. | |
| Summary, etc. | Looks at two recent cases "Gillies Ramsey Diamond v P J W Enterprises Ltd" and "J T Mackley v Gosport Marina Ltd. In "Gillies" case it was argued, on behalf of the contract administrator, that there had been no dispute under the contract. A claim in damages for negligence fell outside the provisions of the Construction Act. In the "Mackley" case arbitration was only available as a means of challenging the adjudicator's decision if the relevant contract so provided, or an ad hoc arbitration agreement was made. |
| 590 ## - LOCAL NOTE (RLIN) | |
| Local note | ABS |
| 650 ## - SUBJECT ADDED ENTRY--TOPICAL TERM | |
| Topical term or geographic name entry element | PROFESSIONAL INDEMNITY INSURANCE |
| 650 ## - SUBJECT ADDED ENTRY--TOPICAL TERM | |
| Topical term or geographic name entry element | MANAGEMENT-DISPUTE AVOIDANCE, MANAGEMENT AND RESOLUTION-DISPUTE MANAGEMENT AND RESOLUTION-ALTERNATIVE DISPUTE RESOLUTION-ADJUDICATION |
| 650 ## - SUBJECT ADDED ENTRY--TOPICAL TERM | |
| Topical term or geographic name entry element | GILLIES RAMSEY DIAMOND V P J W ENTERPRISES LTD |
| 650 ## - SUBJECT ADDED ENTRY--TOPICAL TERM | |
| Topical term or geographic name entry element | J T MACKLEY AND CO LTD V GOSPORT MARINA LTD |
| 650 ## - SUBJECT ADDED ENTRY--TOPICAL TERM | |
| Topical term or geographic name entry element | CONTRACT ADMINISTRATION |
| 690 ## - LOCAL SUBJECT ADDED ENTRY--TOPICAL TERM (OCLC, RLIN) | |
| Topical term or geographic name as entry element | Dispute resolution |
| 9 (RLIN) | 6236 |
| 942 ## - ADDED ENTRY ELEMENTS (KOHA) | |
| Suppress in OPAC | 0 |
| Withdrawn status | Lost status | Source of classification or shelving scheme | Damaged status | Not for loan | Home library | Current library | Shelving location | Date acquired | Total Checkouts | Full call number | Barcode | Date last seen | Copy number | Price effective from | Koha item type |
|---|---|---|---|---|---|---|---|---|---|---|---|---|---|---|---|
| Dewey Decimal Classification | London | London | Journal article | 23/12/2002 | ABS66241 | 120871-1001 | 06/08/2019 | 1 | 06/08/2019 | Journal article |